000 01456nam0a2200361 4500
001 RU\NLR\bibl\492538
005 20260405210001.0
010 _a5-85009-861-5
_91500
021 _aRU
_b2003-73929
_93659
035 _a(NLR Aleph) 000485204
090 _a1078787
_c1078787
100 _a20040218d2003 |||y0rusy50 ca
101 0 _arus
102 _aRU
105 _aa |||||||||
200 1 _aМагнитные бури
_eмед.-биол. и геофиз. аспекты
_fТ. К. Бреус, С. И. Рапопорт
210 _aМ.
_cСов. спорт
_d2003
215 _a186, [5] с.
_cил.
_d22
300 _aВ вып. дан. авт.: Бреус Т. К., к. ф.-м. н., Рапопорт С. И., д. м. н., проф., заслуж. деят. науки
320 _aБиблиогр.: с. 173-186 (220 назв.)
606 0 _aЗдоровье
_xВлияние магнитных бурь
_91187471
_3RU\NLR\auth\66478747
606 0 _aМагнитные бури
_91039363
_3RU\NLR\auth\6682053
686 _aР124.527
686 _aР252.211
686 _aД214.224.1
700 1 _4070
_8rus
_7ca
_aБреус
_bТ. К.
_gТамара Константиновна
_3RU\NLR\auth\7793185
_976111
701 1 _aРапопорт
_bС. И.
_gСемен Исаакович
_4070
801 0 _aRU
_bNLR
_c20040218
_gPSBO
801 1 _aRU
_bNLR
_c20040218
942 _cBOOK
980 _aNB